00306pam a2200121 a 4500020000500000041000500005082001600010245008400026250001000110260002400120300001600144700002400160 c h a741.67bACA aGraphics Design Agencies. CombGraphics Design Agencies. ComhTextual Documents a1999. a[s.l]:bGraphic Inc a217:bHard. aB. Martin Pedersen.